LEADER 01050cam0-22003611i-450- 001 990003833610403321 005 20080605094747.0 010 $a88-15-08093-7 035 $a000383361 035 $aFED01000383361 035 $a(Aleph)000383361FED01 035 $a000383361 100 $a20030910d2001----km-y0itay50------ba 101 0 $aita 102 $aIT 105 $aaf------001cy 200 1 $aPsicologia dello sviluppo del linguaggio$fa cura di Luigia Camaioni 210 $aBologna$cil Mulino$dc2001 215 $a336 p., tav.[2 c.]$cfig.$d24 cm 225 1 $aStrumenti$iPsicologia 610 0 $aLinguaggio$aSviluppo$aAspetti psicologici 676 $a155.4136$v21$zita 702 1$aCamaioni,$bLuigia$f<1947-2004> 801 0$aIT$bUNINA$gRICA$2UNIMARC 901 $aBK 912 $a990003833610403321 952 $a155.4136 CAM 2$b7981$fBFS 952 $a155.4136CAM$b7981$fBFS 952 $aP.1 PSV 267$fFLFBC 959 $aBFS 959 $aFLFBC 996 $aPsicologia dello sviluppo del linguaggio$9508017 997 $aUNINA